00901nam a2200253Ia 4500003000900000008004100009040001600050080002100066100002900087245010800116250001200224260006200236300002300298490003700321650004100358650002000399650002200419700002700441700003000468700002700498942000700525999001700532952009800549IN-BaIIA211028s9999 xx 000 0 eng d cIIA Library a083.8:52-76bGEZ aGezari, Daniel Y.915296 0aCatalog of infrared observationscDaniel Y. Gezari…[et al.]  a3rd ed. aWashingtonbNational Aeronautics and Space Administration a[various pagings.] aNASA reference publication; 1294 aAstronomy and Astrophysics Thesaurus aInfrared917232 aObservations9977 aMead, Jaylee M.915297 aPitts, Patricia S.918795 aSchmitz, Marion915295 cBK c11019d11019 00104070aBANbBANcGENd1994-03-24l0o083.8:52-76/ GEZp11932r2021-11-05w1994-03-24yBK